Rap God Lyrics - Statistics

General Stats
  • This quiz has been taken 44 times
  • The average score is 118 of 202
Answer Stats
Lyrics % Correct
Just a {feeling} I've got
100%
Look, I was gonna go {easy} on you
100%
You are just what the {doc} ordered
97%
But I don't know {what}
94%
'Cause I'm beginnin' to feel like a {Rap} {God}, {Rap} {God}
94%
I'm beginnin' to feel like a {Rap} {God}, {Rap} {God}
94%
Not to hurt your {feelings}
94%
But I'm only going to get this one {chance}
91%
I'm not {taking} any chances
91%
Like something's {about} to happen
91%
Something's {wrong}, I can feel it
91%
We're in {trouble}, big {trouble}
91%
Now, who thinks their {arms} are long enough
88%
Now, who thinks their {arms} are long enough to slap box, slap box?
88%
But for me to rap like a {computer}
85%
It must be in my {genes}
85%
I got a {laptop} in my back pocket
82%
They said I rap like a robot, so call me {Rap}-{bot}
82%
Ever since {Bill} {Clinton} was still in office
79%
I'm an MC still as {honest}
79%
The very next day, "Hey Fab, I'ma {kill} you!"
79%
With {rock}, shock rap with Doc
79%
All I do is drop {F}-{bombs}
76%
All my people from the front to the back {nod}, back {nod}
76%
And a "way to go" from your label every day, {lookin'} boy
76%
And if he is as {bananas} as you say
76%
Get outta my face, {lookin'} boy!
76%
Hey, {lookin'} boy! What you say, {lookin'} boy?
76%
If that {means} what I think it {means}
76%
I get a "hell yeah" from Dre, {lookin'} boy
76%
Like you're watching a church gathering take place, {lookin'} boy
76%
Little gay-{lookin'} boy
76%
{Lookin'} boy (Ha-ha!)
76%
Of keepin' up with the same pace, {lookin'} boy, 'cause—
76%
On the wall of {shame}
76%
"Oy vey, that boy's gay!"—that's all they say, {lookin'} boy
76%
To {slap} {box}, {slap} {box}?
76%
You f*gs think it's all a {game}
76%
Made a {livin'} and a killin' off it
74%
With {Monica} {Lewinsky} feelin' on his nuts**k
74%
But I got your {mom} deep-throatin'
71%
'Cause Fab said he looked like a f*g at Mayweather's {pad}
71%
Here's a maxi {pad}
71%
I'll still be able to break a motherfu**in' {table}
71%
Innovative and I'm made of {rubber}
71%
Lyrics comin' at you at {supersonic} speed (J.J. Fad)
71%
So gay I can barely say it with a {straight} face
71%
That I ain't as {big} as I was, but I'm
71%
This flippity dippity-hippity {hip}-{hop}
71%
Uh, summa-lumma, dooma-lumma, you assumin' I'm a {human}
71%
You get too {big} and here they come tryin'
71%
And at the exact same {time}
68%
I know there was a {time} where once I
68%
Morphin' into an {immortal}, comin' through the portal
68%
My {pen}'ll go off when I half-c**k it
68%
"Oh, he's too {mainstream}."
68%
Only realized it was {ironic}
68%
What I gotta do to get it {through} to you I'm superhuman?
68%
And I don't know what the fuck that you {rhyme} for
65%
'Cause I use it as a vehicle to "bus the {rhyme}"
65%
Did nothing but shoot for the {Moon} since (Pew!)
65%
In the {back} of the Ac'
65%
MCs get taken to {school} with this music
65%
Now I lead a new {school} full of students
65%
So Ray J went straight to the {radio} station
65%
The way I'm racin' around the {track}
65%
Ugh, {school} flunky, pill junkie
65%
You write {normal}? Fuck being {normal}!
65%
A feeling like it's {levitating}
62%
And burst in a {ball} of flames
62%
A {zombie} floatin
62%
Call me {NASCAR}, {NASCAR}
62%
Even though I'll walk in the {church}
62%
For the day that they can say I fell off, they'll be {celebrating}
62%
Full of myself, but still {hungry}
62%
Got a fat knot from that rap {profit}
62%
I attempt these {lyrical} acrobat stunts
62%
I make {elevating} music, you make elevator music
62%
Is the {alcohol} of fame
62%
"It's not hip-hop, it's pop, "—'cause I found a hella way to {fuse} it
62%
Man, oh man, that was a 24-7 special on the cable {channel}
62%
Rappers are havin' a {rough} time period
62%
Rappers are {hungry} lookin' at me like it's lunchtime
62%
See if I get {away} with it now
62%
So you'll be Thor, I'll be {Odin}
62%
They {confuse} it
62%
To maybe try to help get some people through {tough} times
62%
We have nothin' in common, {poodle}
62%
You don't really wanna get into a pissin' {match}
62%
Hit the {Earth} like an asteroid
59%
How could I not {blow}?
59%
How to give a motherf**kin' {audience}
59%
I don't know what {words} to use."
59%
I'm a {Doberman}, pinch yourself in the arm
59%
I'm the walkin' dead, but I'm just a {talkin'} head
59%
It's me, my {honesty}'s brutal
59%
Just to come and {shoot} ya, like when Fabolous made Ray J mad
59%
Never fading, and I know the {haters} are forever waiting
59%
Tried to say I'll take seven kids from {Columbine}
59%
You're stuck in a time warp from {2004} though
59%
You rodent, I'm {omnipotent}
59%
And I just bought a new {raygun} from the future
56%
And pay homage, {pupil}
56%
But as rude and as {indecent} as all hell
56%
But I gotta keep a few {punchlines}
56%
'Cause I know the way to get 'em {motivated}
56%
Dale Earnhardt of the trailer park, the {White} {Trash} God
56%
Into the motherfu**in' {Rock} {and} {Roll} Hall of Fame
56%
It's actually {disastrously} bad for the wack
56%
{Kneel} before General Zod
56%
Only Hall of Fame I'll be {inducted} in
56%
Put 'em all in a line, add an AK-47, a {revolver} and a 9
56%
So that anything you say is {ricochetin'} off of me
56%
This planet's {Krypton}—no, Asgard, Asgard
56%
'Til I walk a {flock} of flames
56%
Your songs you could sacrifice {virgins} too?
56%
And it'll {glue} to you and
53%
But it's honestly {futile} if I don't
53%
Don't be a re**rd — Be a {king}? Think not
53%
Feel my wrath of {attack}
53%
"I don't know how to make {songs} like that
53%
I'm devastating, more than ever {demonstrating}
53%
I'm out my {Ramen} Noodle
53%
Over the back of a couple of fag**ts and {crack} it in half
53%
Was king of the {underground}
53%
Well, that's what they do when they get {jealous}
53%
While I'm masterfully constructing this {masterpiece} as
53%
Why be a {king} when you can be a God?
53%
Yella, Eazy, thank you, they got {Slim}
53%
Chicken scratch I scribble and doodle enough {rhymes}
50%
Everybody loves to root for a {nuisance}
50%
Everybody wants the key and the {secret}
50%
How many verses I gotta {murder} to
50%
How the f**k am I supposed to bake them a {cake} then?
50%
I'ma sleep in the front {seat}
50%
I'ma work for {everything} I have
50%
Immediately with these {bombs}, I'm totin'
50%
Let off, then I'm {reloadin'}
50%
Singin' to a man while he played {piano}
50%
Throw on "{Lose} {Yourself}" and make 'em lose it
50%
You're pointless as {Rapunzel} with fuckin' cornrows
50%
And I'm a million {leagues} above you
47%
And I should not be {woken}
47%
Basically, boy, you're never gonna be {capable}
47%
Blow up and be in a {position}
47%
But if I can't batter the {women}
47%
But it's still {tongue}-in-cheek f**k you
47%
For {good} at least once in a while
47%
Ill when I speak in {tongues}
47%
Let me know when it {occurs} to you
47%
Let me show you {maintainin'} this s**t ain't that hard, that hard
47%
So I crunch rhymes, but sometimes when you {combine}
47%
They're askin' me to eliminate some of the {women} hate
47%
To rap {immortality} like Ι have got
47%
You're witnessin' a {massacre}
47%
But fuck it, life's handin' you {lemons}?
44%
I was signed to {Aftermath} after the fact
44%
Make {lemonade} then!
44%
Simply rage and youthful {exuberance}
44%
While I'm {practicin'} that
44%
And more {sympathetic} to the situation
41%
But if you take into {consideration} the bitter hatred
41%
Me? I'm a product of {Rakim}
41%
Never asked {nobody} for shit
41%
To {censor} you like that one line
41%
To meet {Run}–{D}.{M}.{C}., induct them
41%
What I put my {mind} to
41%
With this rappity brat, packin' a {MAC}
41%
And here's what they {want} from me
38%
Don't mistake him for {Satan}; it's a fatal mistake
38%
If you think I need to be overseas and take a {vacation}
38%
I have, then you may be a little {patient}
38%
I'm drunk, so, {Satan}, take the fucking wheel
38%
Just in case, 'cause even you {unsigned}
38%
Still "Chunky but {Funky}"
38%
To trip a broad, and make her fall on her {face} and
38%
{Appeal} with the skin color of mine
35%
But look at the accolades these skills {brung} me
35%
Off a {plank} and, tell me what in the f**k are you thinkin'?
35%
{Syllables}, skill-a-holic (Kill 'em all with)
35%
Utilize what I do {though}
35%
Well, to be {truthful} the blueprint's
35%
While I'm {rippin'} any one of these
35%
You get a {thumbs} {up}, pat on the back
35%
{Angels} fight with devils
32%
But in my head there's {something}
32%
I {bully} myself 'cause I make me do
32%
Inspired enough to one day {grow} up
32%
It's curtains, I'm inadvertently {hurtin'} you
32%
Prove that if you were half as {nice}
32%
And understand the {discrimination}
29%
But I still rap like I'm on my Pharoah Monch {grind}
29%
I can feel {tugging} and struggling
29%
I said on "{I'm} {Back}" from The Mathers LP 1 when I
29%
So I wanna make sure {somewhere} in this
29%
Lakim Shabazz, 2Pac, N.W.A, {Cube}, hey Doc, Ren
21%
S that {versus} you
21%
{Backpack} rap crap, yap-yap, yackety-yack
15%
{Bumpin'} Heavy D and the Boyz
15%
No matching quizzes found
Score Distribution
Percent of People with Each Score
Percentile by Number Answered
Your Score History
You have not taken this quiz